Old names of cities - Statistics

General Stats
  • This quiz has been taken 55 times
    32 since last reset
  • The average score is 5 of 15
Answer Stats
Hint Answer % Correct
Leningrad Saint Petersburg
100%
Saigon Ho Chi Minh
86%
Stalingrad Volgograd
79%
Danzig Gdansk
69%
Wilno Vilnius
31%
Yanjing Beijing
28%
Stalinabad Dushanbe
28%
Kolachi Karachi
28%
Indraparastha Delhi
21%
Ikosium Algiers
14%
Alexandra Ariana Herat
7%
Bearbrass Melbourne
7%
Agram Zagreb
7%
Charnoy Charleroi
3%
Saketa Ayodhya
0%
No matching quizzes found
Score Distribution
Percent of People with Each Score
Percentile by Number Answered
Your Score History
You have not taken this quiz since the last reset